Loading...
| Philosophy | 0 | 7 | 0 | 0 | 70 | 70 | 99.86 | 2 | 7 | 0.00 | 0.00 |
| History - European | 0 | 7 | 0 | 0 | 70 | 49 | 82.57 | 1 | 5 | 0.00 | 0.00 |
| History - American | 0 | 7 | 0 | 0 | 70 | 76 | 85.00 | 2 | 7 | 0.00 | 0.00 |
| Literature - British | 0 | 6 | 0 | 2 | 60 | 94 | 121.50 | 1 | 3 | 0.00 | 0.00 |
| History - Other | 0 | 6 | 1 | 0 | 55 | 68 | 78.33 | 2 | 5 | 0.00 | 0.00 |
| Mythology | 0 | 6 | 1 | 1 | 55 | 92 | 113.83 | 2 | 2 | 0.00 | 0.00 |
| Literature - World | 0 | 6 | 1 | 0 | 55 | 97 | 114.83 | 0 | 6 | 0.00 | 0.00 |
| Literature - European | 0 | 5 | 0 | 0 | 50 | 72 | 92.60 | 2 | 5 | 0.00 | 0.00 |
| Literature - American | 0 | 5 | 1 | 0 | 45 | 46 | 92.20 | 2 | 4 | 0.00 | 0.00 |
| Religion | 0 | 6 | 3 | 1 | 45 | 83 | 110.50 | 1 | 5 | 0.00 | 0.00 |
| Science - Physics | 0 | 4 | 0 | 0 | 40 | 52 | 95.25 | 2 | 4 | 0.00 | 0.00 |
| Social Science | 0 | 4 | 1 | 0 | 35 | 72 | 95.00 | 1 | 4 | 0.00 | 0.00 |
| Science - Chemistry | 0 | 3 | 1 | 0 | 25 | 83 | 100.00 | 1 | 3 | 0.00 | 0.00 |
| Science - Biology | 0 | 3 | 1 | 0 | 25 | 66 | 78.00 | 1 | 2 | 0.00 | 0.00 |
| Fine Arts - Painting and Sculpture | 0 | 2 | 0 | 0 | 20 | 104 | 105.00 | 0 | 2 | 0.00 | 0.00 |
| History - World | 0 | 4 | 4 | 0 | 20 | 90 | 107.75 | 1 | 4 | 0.00 | 0.00 |
| Other Academic | 0 | 2 | 0 | 0 | 20 | 57 | 77.50 | 1 | 2 | 0.00 | 0.00 |
| Science - Other | 0 | 3 | 2 | 0 | 20 | 76 | 97.33 | 2 | 2 | 0.00 | 0.00 |
| Current Events | 0 | 2 | 1 | 0 | 15 | 87 | 94.50 | 1 | 2 | 0.00 | 0.00 |
| Geography | 0 | 1 | 0 | 0 | 10 | 81 | 81.00 | 0 | 1 | 0.00 | 0.00 |
| Fine Arts - Classical Music | 0 | 1 | 0 | 0 | 10 | 92 | 92.00 | 0 | 1 | 0.00 | 0.00 |
| Fine Arts - Other | 0 | 1 | 1 | 0 | 5 | 96 | 96.00 | 0 | 1 | 0.00 | 0.00 |